[Event "Wch-U20"]
[Site "Kocaeli TUR"]
[Date "2013.09.26"]
[Round "13.36"]
[White "Wang, Richard"]
[Black "Soysal, Serkan"]
[Result "0-1"]
[WhiteElo "2430"]
[BlackElo "2097"]
[PlyCount "144"]
[GameId "2130307679689966"]
[EventDate "2013.09.13"]
[EventType "swiss"]
[EventRounds "13"]
[EventCountry "TUR"]

1. d4 Nf6 2. Nf3 g6 3. Nc3 d5 4. Bf4 Bg7 5. e3 O-O 6. Be2 c5 7. O-O Nbd7 8. Ne5 cxd4 9. exd4 e6 10. Qd2 Nxe5 11. Bxe5 Bd7 12. a4 Ne8 13. Bxg7 Kxg7 14. a5 Rc8 15. Bd3 Nd6 16. Ne2 Bb5 17. Bxb5 Nxb5 18. Qd3 Nd6 19. b3 Rc6 20. Rfc1 Qc7 21. f3 Rc8 22. c3 a6 23. Ra4 Kg8 24. g3 Nb5 25. c4 dxc4 26. bxc4 Nd6 27. c5 Nb5 28. f4 Qd8 29. Qe4 R6c7 30. Kf2 Rd7 31. Rcc4 Na7 32. Rcb4 Nc6 33. Rb6 Qf6 34. Ke3 Ne7 35. Kf2 Nc6 36. h4 h6 37. Ke3 g5 38. hxg5 hxg5 39. Rb1 gxf4+ 40. gxf4 Rcd8 41. Rd1 Rd5 42. Nc3 Rh5 43. Qg2+ Kf8 44. Ne4 Qh8 45. Ng5 Rh2 46. Qg4 Ne7 47. Kd3 Nf5 48. Qg1 Qh4 49. Rf1 Qh5 50. Re1 Rh4 51. Qf2 Rd7 52. Rb4 Rh2 53. Qf3 Qh4 54. Rf1 Ra2 55. Rh1 Ra3+ 56. Kc2 Qxg5 57. Rh8+ Kg7 58. Qh1 Qg6 59. Kb2 Rg3 60. Rb8 Qh6 61. Qxh6+ Kxh6 62. R8xb7 Rxb7 63. Rxb7 Nxd4 64. Rxf7 Rb3+ 65. Ka2 Rb5 66. Rc7 Kg6 67. Rd7 Rb4 68. Rd6 Kf5 69. Rxa6 Rb5 70. Rd6 Rxa5+ 71. Kb2 Ke4 72. c6 Rc5 0-1

[Event "Wch-U14"]
[Site "Maribor SLO"]
[Date "2012.11.08"]
[Round "1.4"]
[White "Urazayev, Arystanbek"]
[Black "Wang, Richard"]
[Result "0-1"]
[WhiteElo "1918"]
[BlackElo "2356"]
[PlyCount "96"]
[GameId "2130307689578675"]
[EventDate "2012.11.08"]
[EventType "swiss"]
[EventRounds "11"]
[EventCountry "SLO"]
[SourceTitle "Youth Database"]
[Source "Cbase R.Goldau"]
[SourceDate "2000.03.01"]
[SourceVersion "1"]
[SourceVersionDate "2012.11.21"]
[SourceQuality "1"]

1. e4 c5 2. d4 cxd4 3. c3 dxc3 4. Nxc3 d6 5. Nf3 Nc6 6. Bc4 a6 7. O-O Nf6 8. h3 e6 9. Qe2 Bd7 10. Rd1 b5 11. Bb3 Qb8 12. Bf4 Ne5 13. Nxe5 dxe5 14. Bg5 Be7 15. Bxf6 Bxf6 16. Qg4 Qb7 17. Rd6 h5 18. Qg3 Bc6 19. Rad1 Ke7 20. Qe3 Rhc8 21. f4 Qa7 22. Qxa7+ Rxa7 23. f5 Rd7 24. Rxd7+ Bxd7 25. fxe6 fxe6 26. a3 Rf8 27. Rf1 Bc6 28. Bd1 g6 29. Bf3 a5 30. b4 axb4 31. axb4 Bg5 32. Rd1 Be3+ 33. Kh2 Bd4 34. Rc1 Be3 35. Rd1 Ra8 36. Be2 Ra3 37. Rd3 Bc1 38. Rf3 h4 39. Nxb5 Ra1 40. Rf1 Bxe4 41. Nc3 Bb7 42. Bc4 Bf4+ 43. Kg1 Ra3 44. Ne2 Be3+ 45. Kh2 Bd5 46. Bxd5 exd5 47. Rb1 Bb6 48. Re1 Re3 0-1

[Event "Wch-U14"]
[Site "Maribor SLO"]
[Date "2012.11.09"]
[Round "2.4"]
[White "Wang, Richard"]
[Black "Santos Ruiz, Miguel"]
[Result "1-0"]
[WhiteElo "2356"]
[BlackElo "2082"]
[PlyCount "79"]
[GameId "2130307689582836"]
[EventDate "2012.11.08"]
[EventType "swiss"]
[EventRounds "11"]
[EventCountry "SLO"]
[SourceTitle "Youth Database"]
[Source "Cbase R.Goldau"]
[SourceDate "2000.03.01"]
[SourceVersion "1"]
[SourceVersionDate "2012.11.21"]
[SourceQuality "1"]

1. d4 e6 2. Nf3 c5 3. e3 d5 4. b3 Nc6 5. Bb2 Nf6 6. Bd3 b6 7. O-O Bb7 8. Ne5 Bd6 9. Nd2 O-O 10. a3 Rc8 11. Qe2 Ne7 12. Rfd1 Ne4 13. Bxe4 dxe4 14. dxc5 Rxc5 15. Nec4 Nc8 16. Nxd6 Nxd6 17. c4 Qc7 18. a4 Rg5 19. h4 Rg6 20. Be5 Rd8 21. h5 Rg5 22. Bf4 Rf5 23. g4 e5 24. Bg3 Rf3 25. Nxf3 exf3 26. Qf1 Re8 27. Qd3 Ne4 28. Qd7 Qb8 29. Qf5 g6 30. Qxf3 Ng5 31. Qf6 Ne4 32. Qh4 g5 33. Qh2 Nf6 34. h6 Qc8 35. Rd6 Nxg4 36. Qh5 Qf5 37. Bh4 Nf6 38. Qxg5+ Qxg5+ 39. Bxg5 Ne4 40. Rd8 1-0

[Event "Wch-U14"]
[Site "Maribor SLO"]
[Date "2012.11.10"]
[Round "3.4"]
[White "Asgarizadeh, Ahmad"]
[Black "Wang, Richard"]
[Result "0-1"]
[WhiteElo "2170"]
[BlackElo "2356"]
[PlyCount "64"]
[GameId "2130307689582902"]
[EventDate "2012.11.08"]
[EventType "swiss"]
[EventRounds "11"]
[EventCountry "SLO"]
[SourceTitle "Youth Database"]
[Source "Cbase R.Goldau"]
[SourceDate "2000.03.01"]
[SourceVersion "1"]
[SourceVersionDate "2012.11.21"]
[SourceQuality "1"]

1. e4 c5 2. Nf3 g6 3. d4 cxd4 4. Nxd4 Bg7 5. c4 Nc6 6. Be3 Nf6 7. Nc3 d6 8. Be2 O-O 9. O-O Bd7 10. Qd2 Nxd4 11. Bxd4 Bc6 12. f3 a5 13. b3 Nd7 14. Be3 Nc5 15. Rac1 Qb6 16. Nd5 Bxd5 17. cxd5 Rfc8 18. Rc4 h5 19. Rfc1 Kh7 20. f4 Qd8 21. e5 b6 22. Bd4 dxe5 23. fxe5 Nd7 24. Qb2 Qh8 25. Rxc8 Rxc8 26. Rxc8 Qxc8 27. Bc4 Qb8 28. d6 exd6 29. exd6 f6 30. Bb5 Qxd6 31. Bxd7 Qxd7 32. Bxf6 Qe6 0-1

[Event "Wch-U14"]
[Site "Maribor SLO"]
[Date "2012.11.11"]
[Round "4.2"]
[White "Wang, Richard"]
[Black "Wu, Christopher"]
[Result "1-0"]
[WhiteElo "2356"]
[BlackElo "2239"]
[PlyCount "101"]
[GameId "2130307689587066"]
[EventDate "2012.11.08"]
[EventType "swiss"]
[EventRounds "11"]
[EventCountry "SLO"]
[SourceTitle "Youth Database"]
[Source "Cbase R.Goldau"]
[SourceDate "2000.03.01"]
[SourceVersion "1"]
[SourceVersionDate "2012.11.21"]
[SourceQuality "1"]

1. d4 d5 2. c4 c6 3. Nf3 Nf6 4. e3 e6 5. b3 c5 6. Bb2 Nbd7 7. Bd3 Be7 8. O-O O-O 9. Nc3 b6 10. Qc2 Bb7 11. cxd5 exd5 12. Rad1 Rc8 13. Bf5 g6 14. Bxd7 Qxd7 15. dxc5 Bxc5 16. Qd3 Rfd8 17. Ne2 Ne4 18. Ne5 Qe8 19. b4 Bf8 20. Ng4 Bg7 21. Bxg7 Kxg7 22. Qd4+ f6 23. f3 Rc4 24. Qb2 d4 25. Nxd4 Nc3 26. Rd3 Rdc8 27. Qd2 h5 28. Nf2 Ba6 29. Nd1 Nb5 30. Nxb5 Qxb5 31. Rd7+ Kh8 32. e4 g5 33. Ne3 Rc3 34. Rd1 Qc6 35. Rd8+ Kh7 36. Nf5 Rc7 37. Rd6 Qa4 38. Rxf6 Qxd1+ 39. Qxd1 Rc1 40. Rd6 Rxd1+ 41. Rxd1 Kg6 42. Rd6+ Kf7 43. Rd2 Ke6 44. b5 Bc8 45. Kf2 Ke5 46. Rd5+ Kf6 47. Rd6+ Ke5 48. Rc6 Rxc6 49. bxc6 b5 50. Ne7 Be6 51. c7 1-0

[Event "Wch-U14"]
[Site "Maribor SLO"]
[Date "2012.11.12"]
[Round "5.1"]
[White "Repka, Christopher"]
[Black "Wang, Richard"]
[Result "1/2-1/2"]
[WhiteElo "2258"]
[BlackElo "2356"]
[PlyCount "99"]
[GameId "2130307689591237"]
[EventDate "2012.11.08"]
[EventType "swiss"]
[EventRounds "11"]
[EventCountry "SLO"]
[SourceTitle "Youth Database"]
[Source "Cbase R.Goldau"]
[SourceDate "2000.03.01"]
[SourceVersion "1"]
[SourceVersionDate "2012.11.21"]
[SourceQuality "1"]

1. d4 d5 2. c4 c6 3. Nf3 Nf6 4. e3 Bf5 5. Nc3 e6 6. Nh4 Bg6 7. Nxg6 hxg6 8. Bd2 Nbd7 9. g3 Bd6 10. b3 Qe7 11. Bg2 O-O 12. O-O dxc4 13. bxc4 e5 14. Rb1 Rab8 15. Rb3 e4 16. Qb1 Rfe8 17. Rxb7 Bb4 18. Rxb8 Rxb8 19. Qc2 Bxc3 20. Qxc3 Qe6 21. Rc1 Qf5 22. h3 Nh7 23. g4 Qe6 24. Qa5 c5 25. Qc7 Rb2 26. Bc3 Rxa2 27. d5 Qe7 28. Qf4 Qh4 29. Ra1 g5 30. Qxe4 Qxf2+ 31. Kh2 Rxa1 32. Bxa1 Nhf6 33. Qf3 Qe1 34. Bxf6 Nxf6 35. e4 Qb4 36. e5 Qb8 37. Qf5 Nd7 38. Qxd7 Qxe5+ 39. Kg1 Qe1+ 40. Bf1 Qe3+ 41. Kg2 Qe4+ 42. Kf2 Qf4+ 43. Ke1 Qc1+ 44. Kf2 Qf4+ 45. Kg1 Qe3+ 46. Kh1 Qe4+ 47. Bg2 Qe1+ 48. Kh2 Qe5+ 49. Kg1 Qe1+ 50. Bf1 1/2-1/2

[Event "Wch-U14"]
[Site "Maribor SLO"]
[Date "2012.11.12"]
[Round "6.2"]
[White "Wang, Richard"]
[Black "Sibashvili, Giorgi"]
[Result "1/2-1/2"]
[WhiteElo "2356"]
[BlackElo "2200"]
[PlyCount "77"]
[GameId "2130307689595409"]
[EventDate "2012.11.08"]
[EventType "swiss"]
[EventRounds "11"]
[EventCountry "SLO"]
[SourceTitle "Youth Database"]
[Source "Cbase R.Goldau"]
[SourceDate "2000.03.01"]
[SourceVersion "1"]
[SourceVersionDate "2012.11.21"]
[SourceQuality "1"]

1. d4 Nf6 2. c4 c5 3. d5 e6 4. Nc3 exd5 5. cxd5 d6 6. e4 g6 7. h3 Bg7 8. Nf3 O-O 9. Bd3 b5 10. Nxb5 Nxe4 11. Bxe4 Qa5+ 12. Nc3 Re8 13. O-O Bxc3 14. bxc3 Rxe4 15. Ng5 Re7 16. Re1 Qd8 17. Ne4 Nd7 18. Bg5 f6 19. Bxf6 Nxf6 20. Nxf6+ Kg7 21. Ne4 Bf5 22. Ng3 Rxe1+ 23. Qxe1 Bd3 24. Qe3 c4 25. Re1 Qf6 26. Qe7+ Qxe7 27. Rxe7+ Kf6 28. Re6+ Kf7 29. Rxd6 Rb8 30. Rd7+ Kf6 31. f4 h5 32. Rh7 Rd8 33. Rxa7 Rxd5 34. a4 h4 35. Nh1 Kf5 36. Rf7+ Ke4 37. Re7+ Kxf4 38. Nf2 Ra5 39. Ng4 1/2-1/2

[Event "Wch-U14"]
[Site "Maribor SLO"]
[Date "2012.11.14"]
[Round "7.3"]
[White "Paravyan, David"]
[Black "Wang, Richard"]
[Result "1-0"]
[WhiteElo "2277"]
[BlackElo "2356"]
[PlyCount "71"]
[GameId "2130307689599581"]
[EventDate "2012.11.08"]
[EventType "swiss"]
[EventRounds "11"]
[EventCountry "SLO"]
[SourceTitle "Youth Database"]
[Source "Cbase R.Goldau"]
[SourceDate "2000.03.01"]
[SourceVersion "1"]
[SourceVersionDate "2012.11.21"]
[SourceQuality "1"]

1. e4 c6 2. d4 d5 3. e5 Bf5 4. Nd2 e6 5. Nb3 Nd7 6. Nf3 Nh6 7. Be2 f6 8. O-O Nf7 9. Re1 Be7 10. exf6 Bxf6 11. Bf4 g5 12. Bg3 g4 13. Ne5 Bxe5 14. dxe5 Qg5 15. Nd4 h5 16. f4 gxf3 17. Nxf3 Qh6 18. c4 Be4 19. cxd5 Bxd5 20. Qd4 Rg8 21. Nh4 O-O-O 22. Qxa7 Rdf8 23. Nf5 exf5 24. e6 f4 25. Ba6 Nd6 26. Bxb7+ Nxb7 27. exd7+ Kc7 28. d8=Q+ Rxd8 29. Re7+ Kd6 30. Rxb7 fxg3 31. Qa3+ Ke6 32. Qe7+ Kf5 33. Rf1+ Qf4 34. Rxf4+ Kxf4 35. hxg3+ Kf5 36. Rb4 1-0

[Event "Wch-U14"]
[Site "Maribor SLO"]
[Date "2012.11.15"]
[Round "8.8"]
[White "Wang, Richard"]
[Black "Xu, Minghui"]
[Result "1/2-1/2"]
[WhiteElo "2356"]
[BlackElo "2112"]
[PlyCount "146"]
[GameId "2130307689603756"]
[EventDate "2012.11.08"]
[EventType "swiss"]
[EventRounds "11"]
[EventCountry "SLO"]
[SourceTitle "Youth Database"]
[Source "Cbase R.Goldau"]
[SourceDate "2000.03.01"]
[SourceVersion "1"]
[SourceVersionDate "2012.11.21"]
[SourceQuality "1"]

1. d4 d5 2. c4 dxc4 3. Nf3 Nf6 4. e3 e6 5. Bxc4 c5 6. O-O a6 7. Bb3 Nc6 8. Nc3 cxd4 9. exd4 Be7 10. Bg5 O-O 11. Qd2 b5 12. d5 exd5 13. Nxd5 Nxd5 14. Bxd5 Bxg5 15. Nxg5 Ra7 16. Nxh7 Rd7 17. Nxf8 Rxd5 18. Qc2 Ne7 19. Rad1 Kxf8 20. Rxd5 Nxd5 21. Rd1 Be6 22. Qc6 Qa5 23. a3 g6 24. Qd6+ Kg7 25. Qe5+ Kg8 26. h3 Qd8 27. Rd4 Kf8 28. h4 a5 29. g3 Qc7 30. Rxd5 Qc1+ 31. Kg2 Bxd5+ 32. Qxd5 Qxb2 33. Qd8+ Kg7 34. Qxa5 Qb3 35. Qb4 Qd5+ 36. Kh2 Qa2 37. Qc5 Qb1 38. Qe5+ Kg8 39. Kg2 Qd3 40. Qe3 Qd5+ 41. f3 Qa2+ 42. Kh3 Qb1 43. Qe8+ Kg7 44. Qe5+ Kg8 45. Qc5 Qd3 46. Kg2 Qb1 47. g4 Qb2+ 48. Kg3 Qe2 49. Qc3 Qf1 50. Kf4 Qe2 51. Qe3 Qc4+ 52. Kg3 Qd5 53. Qc3 Qd6+ 54. f4 Kh7 55. Qb3 Kg7 56. Qc3+ Kh7 57. h5 g5 58. Qc2+ Kg7 59. Qb2+ f6 60. Qb4 Qd3+ 61. Kf2 Qc2+ 62. Ke3 Qc1+ 63. Ke4 Qxf4+ 64. Kd5 Qe5+ 65. Kc6 f5 66. gxf5 Qxf5 67. Qe7+ Kh6 68. Qe8 g4 69. Qh8+ Kg5 70. Kb7 Qf7+ 71. Ka8 Qxh5 72. Qe5+ Kg6 73. Qh8 Kg5 1/2-1/2

[Event "Wch-U14"]
[Site "Maribor SLO"]
[Date "2012.11.16"]
[Round "9.8"]
[White "Martinez Alcantara, Jose Eduardo"]
[Black "Wang, Richard"]
[Result "0-1"]
[WhiteElo "2210"]
[BlackElo "2356"]
[PlyCount "68"]
[GameId "2130307689607927"]
[EventDate "2012.11.08"]
[EventType "swiss"]
[EventRounds "11"]
[EventCountry "SLO"]
[SourceTitle "Youth Database"]
[Source "Cbase R.Goldau"]
[SourceDate "2000.03.01"]
[SourceVersion "1"]
[SourceVersionDate "2012.11.21"]
[SourceQuality "1"]

1. e4 c5 2. Nf3 g6 3. d4 cxd4 4. Nxd4 Bg7 5. Nc3 Nc6 6. Be3 Nf6 7. Bc4 O-O 8. Bb3 d6 9. f3 Bd7 10. Qd2 Rc8 11. O-O-O Ne5 12. Kb1 a6 13. h4 h5 14. g4 hxg4 15. h5 Nxh5 16. Rdg1 Qa5 17. Bh6 Bf6 18. f4 Nc4 19. Bxc4 Rxc4 20. e5 Bg7 21. Bxg7 Kxg7 22. f5 Rh8 23. e6 Bc6 24. exf7 Bxh1 25. Qg5 Rxd4 26. f6+ Nxf6 27. Qxa5 Kxf7 28. Qb6 Rf4 29. Ne2 Rf5 30. Ng3 Rb5 31. Qd4 Bf3 32. Qc4+ Rd5 33. b3 b5 34. Qc3 Rh2 0-1

[Event "Wch-U14"]
[Site "Maribor SLO"]
[Date "2012.11.17"]
[Round "10.6"]
[White "Wang, Richard"]
[Black "Pranav, Vijay"]
[Result "1-0"]
[WhiteElo "2356"]
[BlackElo "2147"]
[PlyCount "77"]
[GameId "2130307689612097"]
[EventDate "2012.11.08"]
[EventType "swiss"]
[EventRounds "11"]
[EventCountry "SLO"]
[SourceTitle "Youth Database"]
[Source "Cbase R.Goldau"]
[SourceDate "2000.03.01"]
[SourceVersion "1"]
[SourceVersionDate "2012.11.21"]
[SourceQuality "1"]

1. d4 Nf6 2. Nf3 g6 3. c4 Bg7 4. Nc3 d5 5. cxd5 Nxd5 6. e4 Nxc3 7. bxc3 c5 8. Rb1 Nc6 9. d5 Ne5 10. Nxe5 Bxe5 11. Qd2 O-O 12. f4 Bg7 13. Be2 e5 14. O-O exf4 15. Qxf4 Bxc3 16. Bb2 Bxb2 17. Rxb2 a6 18. a4 b5 19. axb5 axb5 20. Bxb5 Ba6 21. Bxa6 Rxa6 22. Rb7 Qd6 23. Rxf7 Qxf4 24. R7xf4 Re8 25. Rd1 c4 26. Rc1 Ra4 27. Kf2 Ra2+ 28. Kg3 g5 29. Rg4 Re5 30. h4 Ra3+ 31. Kf2 c3 32. Rxg5+ Rxg5 33. hxg5 Kf7 34. Rc2 Kg6 35. Ke3 Kxg5 36. Kd4 Ra4+ 37. Ke5 Rc4 38. d6 Rc5+ 39. Ke6 1-0

[Event "Wch-U14"]
[Site "Maribor SLO"]
[Date "2012.11.18"]
[Round "11.2"]
[White "Gajek, Radoslaw"]
[Black "Wang, Richard"]
[Result "0-1"]
[WhiteElo "2250"]
[BlackElo "2356"]
[PlyCount "62"]
[GameId "2130307689616265"]
[EventDate "2012.11.08"]
[EventType "swiss"]
[EventRounds "11"]
[EventCountry "SLO"]
[SourceTitle "Youth Database"]
[Source "Cbase R.Goldau"]
[SourceDate "2000.03.01"]
[SourceVersion "1"]
[SourceVersionDate "2012.11.21"]
[SourceQuality "1"]

1. e4 c6 2. d4 d5 3. Nd2 dxe4 4. Nxe4 Bf5 5. Ng3 Bg6 6. Nf3 Nd7 7. h4 h6 8. h5 Bh7 9. Bd3 Bxd3 10. Qxd3 e6 11. Bd2 Ngf6 12. O-O-O Be7 13. Ne4 Qb6 14. Ne5 Qb5 15. Nxd7 Nxd7 16. Qg3 O-O-O 17. Qxg7 Qf5 18. Ng3 Qxf2 19. Rhf1 Qxg2 20. Qxf7 Bd6 21. Rg1 Qd5 22. Kb1 Rdf8 23. Qg6 Rhg8 24. Qxh6 Rxg3 25. Rge1 Rf6 26. Qh8+ Kc7 27. Qa8 a6 28. h6 Rf8 29. Qa7 Kc8 30. Rf1 Rgf3 31. Rxf3 Qxf3 0-1

[Event "Wch U14"]
[Site "Caldas Novas BRA"]
[Date "2011.11.18"]
[Round "1.1"]
[White "Wang, Richard"]
[Black "Crismann, Alessandro Claudio"]
[Result "1/2-1/2"]
[WhiteElo "2256"]
[BlackElo "1831"]
[PlyCount "80"]
[GameId "2130307702668483"]
[EventDate "2011.11.18"]
[EventType "swiss"]
[EventRounds "9"]
[EventCountry "BRA"]

1. d4 Nf6 2. Nf3 c5 3. e3 g6 4. Bd3 Bg7 5. O-O O-O 6. b3 d6 7. Bb2 b6 8. c4 Bb7 9. Qe2 Nbd7 10. Rd1 Qc7 11. Nc3 Rad8 12. Bc2 Rfe8 13. d5 a6 14. Qd2 Ng4 15. h3 Nge5 16. Nxe5 Nxe5 17. Rab1 Nd7 18. Ne4 Bxb2 19. Rxb2 b5 20. Qe2 Qb6 21. Bd3 Ne5 22. Bb1 Rb8 23. f4 Nd7 24. Bd3 e6 25. dxe6 fxe6 26. Nxd6 Qxd6 27. Bxg6 Qc6 28. Bxe8 Rxe8 29. Qd3 Nf6 30. Qd6 Ne4 31. Qe5 Rf8 32. h4 h6 33. Kh2 Nf6 34. Kh3 Ne4 35. Kh2 Nf6 36. Kh3 Ne4 37. Rc2 Kh7 38. cxb5 axb5 39. Rg1 Rg8 40. g3 Rxg3+ 1/2-1/2

[Event "Wch U14"]
[Site "Caldas Novas BRA"]
[Date "2011.11.20"]
[Round "3"]
[White "Wang, Richard"]
[Black "Krishnan, Varun"]
[Result "1-0"]
[WhiteElo "2256"]
[BlackElo "2108"]
[PlyCount "89"]
[GameId "2130307702668503"]
[EventDate "2011.11.18"]
[EventType "swiss"]
[EventRounds "9"]
[EventCountry "BRA"]
[SourceTitle "EXT 2013"]
[Source "ChessBase"]
[SourceDate "2012.11.22"]
[SourceVersion "1"]
[SourceVersionDate "2012.11.22"]
[SourceQuality "1"]

1. d4 d5 2. Nf3 Nf6 3. e3 c6 4. c4 e6 5. b3 Bd6 6. Bb2 Nbd7 7. Bd3 O-O 8. O-O Qe7 9. Ne5 c5 10. f4 cxd4 11. exd4 b6 12. Nc3 Bb7 13. Nb5 Ne4 14. Qe2 f5 15. Nxd6 Qxd6 16. a4 Nxe5 17. Ba3 Qd7 18. Bxe4 dxe4 19. Bxf8 Qxd4+ 20. Kh1 Nd3 21. Be7 Nxf4 22. Qf2 Qxf2 23. Rxf2 e5 24. Bg5 e3 25. Rfa2 Nxg2 26. Rxg2 f4 27. Kg1 Bxg2 28. Kxg2 h6 29. Be7 e4 30. a5 bxa5 31. Rxa5 f3+ 32. Kf1 Rb8 33. b4 Rb7 34. Bd6 Rf7 35. Re5 a5 36. b5 Rf6 37. c5 e2+ 38. Kf2 a4 39. Rxe4 a3 40. Bg3 a2 41. Ra4 Re6 42. Ke1 Re4 43. Rxa2 Rd4 44. Ra1 Kf7 45. Rb1 1-0

[Event "Wch U14"]
[Site "Caldas Novas BRA"]
[Date "2011.11.20"]
[Round "4.1"]
[White "Williams, Justus D"]
[Black "Wang, Richard"]
[Result "0-1"]
[WhiteElo "2186"]
[BlackElo "2256"]
[PlyCount "74"]
[GameId "2130307702672702"]
[EventDate "2011.11.18"]
[EventType "swiss"]
[EventRounds "9"]
[EventCountry "BRA"]

1. e4 c5 2. Nf3 d6 3. d4 cxd4 4. Nxd4 Nf6 5. f3 g6 6. c4 Nc6 7. Be3 Bg7 8. Nc3 O-O 9. Be2 Nxd4 10. Bxd4 Qa5 11. O-O Bd7 12. Qd2 Rfc8 13. Rfd1 Be6 14. b3 Nd7 15. Nd5 Bxd4+ 16. Qxd4 Bxd5 17. exd5 b5 18. cxb5 Rc2 19. Qe4 Rxa2 20. Rxa2 Qxa2 21. Qxe7 Ne5 22. Kf1 Qxb3 23. Qxd6 Nc4 24. Qc6 Ne3+ 25. Kg1 Rd8 26. Rd3 Qb4 27. Kf2 Nf5 28. g4 Nd6 29. Qc7 Re8 30. Qxa7 Nxb5 31. Qd7 Nd6 32. Qa7 Nb5 33. Qd7 Nd6 34. Qa7 Qf4 35. Re3 Qxh2+ 36. Ke1 Rc8 37. Qa6 Qg1+ 0-1

[Event "Wch U14"]
[Site "Caldas Novas BRA"]
[Date "2011.11.22"]
[Round "5.1"]
[White "Wang, Richard"]
[Black "Antipov, Mikhail Al"]
[Result "1/2-1/2"]
[WhiteElo "2256"]
[BlackElo "2428"]
[PlyCount "59"]
[GameId "2130307702672758"]
[EventDate "2011.11.18"]
[EventType "swiss"]
[EventRounds "9"]
[EventCountry "BRA"]

1. d4 Nf6 2. Nf3 c5 3. e3 cxd4 4. exd4 d5 5. Bd3 Nc6 6. c3 Bg4 7. O-O e6 8. Bf4 Bd6 9. Bxd6 Qxd6 10. h3 Bh5 11. Re1 O-O 12. Nbd2 Rab8 13. Qe2 Rfe8 14. Qe3 Bg6 15. Ne5 Bxd3 16. Qxd3 Nd7 17. Nxc6 Qxc6 18. a4 a6 19. a5 Rbc8 20. Rac1 Qc7 21. b4 Nf6 22. Re5 h6 23. Re3 Red8 24. Nb3 Ne4 25. Nc5 Nxc5 26. dxc5 Rd7 27. Rce1 Qf4 28. Rf3 Qh4 29. Qd4 Qxd4 30. cxd4 1/2-1/2

[Event "Wch U14"]
[Site "Caldas Novas BRA"]
[Date "2011.11.23"]
[Round "6.1"]
[White "Sadikhov, Ulvi Ramil Oglu"]
[Black "Wang, Richard"]
[Result "1-0"]
[WhiteElo "2140"]
[BlackElo "2256"]
[PlyCount "77"]
[GameId "2130307702676865"]
[EventDate "2011.11.18"]
[EventType "swiss"]
[EventRounds "9"]
[EventCountry "BRA"]

1. e4 c5 2. Nf3 d6 3. d4 cxd4 4. Nxd4 Nf6 5. Nc3 g6 6. Be3 Bg7 7. f3 Nc6 8. Qd2 Bd7 9. O-O-O O-O 10. g4 Rc8 11. h4 Ne5 12. Kb1 Qa5 13. Nd5 Qxd2 14. Nxf6+ Bxf6 15. Rxd2 Nc4 16. Bxc4 Rxc4 17. h5 Be5 18. Ne2 a6 19. b3 Rc7 20. Nf4 e6 21. Ne2 Rfc8 22. hxg6 hxg6 23. Bf4 Bxf4 24. Nxf4 Rc3 25. Rf1 R8c6 26. Ne2 R3c5 27. Rfd1 Be8 28. c3 Re5 29. Rxd6 f5 30. Rd8 Kf7 31. Rh1 Ke7 32. Rb8 Rc7 33. Nf4 Bf7 34. exf5 exf5 35. g5 Re3 36. Rh6 Kd6 37. Rf8 Rxf3 38. Nxg6 Be6 39. Rd8+ 1-0

[Event "Wch U14"]
[Site "Caldas Novas BRA"]
[Date "2011.11.24"]
[Round "7.1"]
[White "Wang, Richard"]
[Black "Sosa, Tomas"]
[Result "1/2-1/2"]
[WhiteElo "2256"]
[BlackElo "2132"]
[PlyCount "102"]
[GameId "2130307702676903"]
[EventDate "2011.11.18"]
[EventType "swiss"]
[EventRounds "9"]
[EventCountry "BRA"]

1. d4 Nf6 2. Nf3 g6 3. Nc3 d5 4. Bf4 Bg7 5. e3 O-O 6. Be2 b6 7. h4 Bg4 8. Ne5 Bxe2 9. Qxe2 c5 10. O-O-O Re8 11. h5 Nbd7 12. hxg6 fxg6 13. Qf3 e6 14. Bg5 Qc8 15. Qh3 Nf8 16. Qh4 N6d7 17. Nb5 Nxe5 18. Nd6 Qa6 19. Nxe8 Nc4 20. a3 Rxe8 21. Be7 Qb7 22. Bf6 Bxf6 23. Qxf6 Qe7 24. Qf3 Nd6 25. Qe2 Nd7 26. f3 Nb8 27. e4 dxe4 28. fxe4 Nc6 29. c3 cxd4 30. cxd4 e5 31. dxe5 Qxe5 32. Qd3 Nf7 33. Rhe1 Kg7 34. Kb1 Rd8 35. Qc4 Nd4 36. Rf1 Ng5 37. Ka1 Nge6 38. Qa6 Rd7 39. Qc8 Qc7 40. Qe8 Qd8 41. Qxd8 Rxd8 42. Ka2 Rf8 43. b4 h5 44. a4 a6 45. Kb2 b5 46. Rxf8 Kxf8 47. axb5 axb5 48. Kc3 Ne2+ 49. Kd2 N2d4 50. Kc3 Ne2+ 51. Kd2 N2d4 1/2-1/2

[Event "Century West op"]
[Site "Los Angeles USA"]
[Date "2010.01.13"]
[Round "1"]
[White "Wang, Richard"]
[Black "Kitanovic, T."]
[Result "1-0"]
[WhiteElo "2476"]
[BlackElo "2049"]
[PlyCount "47"]
[GameId "2129405080967142"]
[EventDate "2010.01.08"]
[EventType "swiss"]
[EventRounds "5"]
[EventCountry "USA"]

1. e4 c5 2. Nc3 Nc6 3. g3 g6 4. Bg2 Bg7 5. d3 e5 6. f4 d6 7. Nh3 Nge7 8. O-O O-O 9. f5 gxf5 10. exf5 f6 11. g4 d5 12. Kh1 Kh8 13. Ne2 Bd7 14. Ng3 Be8 15. g5 Ng8 16. Qg4 Qd6 17. g6 h6 18. Nf2 Bd7 19. Qh4 Rfe8 20. Ng4 Qe7 21. Bxh6 Bxh6 22. Nxh6 Nxh6 23. Qxh6+ Kg8 24. Bxd5+ 1-0

[Event "Century West op"]
[Site "Los Angeles USA"]
[Date "2010.01.09"]
[Round "2"]
[White "Kudzma, Rokas"]
[Black "Wang, Richard"]
[Result "0-1"]
[WhiteElo "2215"]
[BlackElo "2476"]
[PlyCount "84"]
[GameId "2129405080967144"]
[EventDate "2010.01.08"]
[EventType "swiss"]
[EventRounds "5"]
[EventCountry "USA"]

1. Nf3 Nf6 2. c4 c6 3. d4 d5 4. Nc3 dxc4 5. a4 Na6 6. e4 Bg4 7. Bxc4 Bxf3 8. gxf3 e6 9. Rg1 Nb4 10. Be3 g6 11. Qb3 Be7 12. O-O-O Qc7 13. Kb1 O-O 14. Bh6 Qxh2 15. Bxf8 Rxf8 16. Rgf1 a6 17. a5 Qc7 18. Qa4 Qf4 19. Be2 Rd8 20. Qb3 Qc7 21. Qa4 Qf4 22. Qb3 Qc7 23. Qa4 b5 24. axb6 Qxb6 25. e5 Nh5 26. Rd2 Rxd4 27. Qd1 c5 28. Rg1 Ng7 29. Rg4 Nf5 30. Bc4 Kg7 31. Ne2 Rxd2 32. Qxd2 Qc6 33. Re4 h5 34. Ng3 Nd4 35. Qd1 a5 36. Re3 Bg5 37. Ra3 Qc7 38. Re3 Bxe3 39. fxe3 Qxe5 40. exd4 Qxg3 41. dxc5 Qe5 42. Qg1 h4 0-1

[Event "Century West op"]
[Site "Los Angeles USA"]
[Date "2010.01.09"]
[Round "3"]
[White "Khadejah, Jahed"]
[Black "Wang, Richard"]
[Result "1/2-1/2"]
[WhiteElo "2537"]
[BlackElo "2476"]
[PlyCount "40"]
[GameId "2129405080967148"]
[EventDate "2010.01.08"]
[EventType "swiss"]
[EventRounds "5"]
[EventCountry "USA"]

1. d4 Nf6 2. Nf3 g6 3. g3 Bg7 4. Bg2 d5 5. c4 c6 6. cxd5 cxd5 7. Nc3 O-O 8. O-O Ne4 9. Ne5 Nxc3 10. bxc3 Nd7 11. Nxd7 Qxd7 12. Qb3 Rd8 13. e4 dxe4 14. Bxe4 Qc7 15. Bf4 e5 16. Bxe5 Bxe5 17. dxe5 Qxe5 18. Rfe1 Qc5 19. Qb4 Qxb4 20. cxb4 Be6 1/2-1/2

[Event "Century West op"]
[Site "Los Angeles USA"]
[Date "2010.01.10"]
[Round "5"]
[White "Wang, Richard"]
[Black "Peters, Klaus"]
[Result "1/2-1/2"]
[WhiteElo "2476"]
[BlackElo "2381"]
[PlyCount "41"]
[GameId "2129405080967161"]
[EventDate "2010.01.08"]
[EventType "swiss"]
[EventRounds "5"]
[EventCountry "USA"]

1. d4 Nf6 2. Nf3 g6 3. g3 Bg7 4. Bg2 O-O 5. c4 d6 6. O-O Nc6 7. Nc3 a6 8. d5 Na5 9. Nd2 c5 10. dxc6 Nxc6 11. Nb3 Nd7 12. Be3 Nde5 13. c5 Nc4 14. Qc1 Nxe3 15. Qxe3 e6 16. cxd6 Qxd6 17. Rfd1 Qc7 18. Na4 Rb8 19. Rac1 Bd7 20. Qb6 Rfc8 21. Na5 1/2-1/2